书目信息 |
| 题名: |
建筑采暖与空调节能设计与实践
|
|
| 作者: | 班广生 , 刘忠伟 , 余鹏 主编 | |
| 分册: | ||
| 出版信息: | 北京 中国建筑工业出版社 2011.08 |
|
| 页数: | 310页 | |
| 开本: | 28cm | |
| 丛书名: | 建筑节能设计与实践丛书 | |
| 单 册: | ||
| 中图分类: | TU83 | |
| 科图分类: | ||
| 主题词: | 房屋建筑设备--fang wu jian zhu she bei--采暖设备--节能设计 , 房屋建筑设备--fang wu jian zhu she bei--空气调解设备--节能设计 | |
| 电子资源: | ||
| ISBN: | 978-7-112-12981-2 | |
| 000 | 01148nam 2200277 450 | |
| 001 | CAL 012011290709 | |
| 005 | 20191108143937.69 | |
| 010 | @a978-7-112-12981-2@dCNY46.00 | |
| 100 | @a20111101d2011 em y0chiy50 ea | |
| 101 | 0 | @achi |
| 102 | @aCN@b110000 | |
| 105 | @aak z 000yy | |
| 200 | 1 | @a建筑采暖与空调节能设计与实践@Ajian zhu cai nuan yu kong tiao jie neng she ji yu shi jian@f班广生, 刘忠伟, 余鹏主编 |
| 210 | @a北京@c中国建筑工业出版社@d2011.08 | |
| 215 | @a310页@c图@d28cm | |
| 225 | 2 | @a建筑节能设计与实践丛书@Ajian zhu jie neng she ji yu shi jian cong shu |
| 330 | @a本书从实践应用的角度, 结合采暖空调最新技术与有关标准, 设计舒适、健康、节能、安全的采暖系统和空气调节系统, 并从系统的优良运行与管理实践着手, 达成采暖空调的节能降耗。 | |
| 410 | 0 | @12001 @a建筑节能设计与实践丛书 |
| 606 | 0 | @a房屋建筑设备@Afang wu jian zhu she bei@x采暖设备@x节能设计 |
| 606 | 0 | @a房屋建筑设备@Afang wu jian zhu she bei@x空气调解设备@x节能设计 |
| 690 | @aTU83@v5 | |
| 701 | 0 | @a班广生@Aban guang sheng@4主编 |
| 701 | 0 | @a刘忠伟@Aliu zhong wei@4主编 |
| 701 | 0 | @a余鹏@Ayu peng@4主编 |
| 801 | 0 | @aCN@c20111101 |
| 905 | @dTU83@eB174@f3 | |
| 建筑采暖与空调节能设计与实践/班广生, 刘忠伟, 余鹏主编.-北京:中国建筑工业出版社,2011.08 |
| 310页:图;28cm.-(建筑节能设计与实践丛书) |
| ISBN 978-7-112-12981-2:CNY46.00 |
| 本书从实践应用的角度, 结合采暖空调最新技术与有关标准, 设计舒适、健康、节能、安全的采暖系统和空气调节系统, 并从系统的优良运行与管理实践着手, 达成采暖空调的节能降耗。 |
| ● |
| 相关链接 |
|
|
|
正题名:建筑采暖与空调节能设计与实践
索取号:TU83/B174
 
预约/预借
| 序号 | 登录号 | 条形码 | 馆藏地/架位号 | 状态 | 备注 |
| 1 | 1061298 | 210612988 | 建筑库201/201建筑库 50排6列4层/ [索取号:TU83/B174] | 在馆 | |
| 2 | 1061299 | 210612997 | 建筑库201/201建筑库 50排6列4层/ [索取号:TU83/B174] | 在馆 | |
| 3 | 1061300 | 210613004 | 建筑库201/201建筑库 50排6列4层/ [索取号:TU83/B174] | 在馆 | |
| 4 | 1307846 | 213078462 | 建筑库201/201建筑库 50排6列4层/ [索取号:TU83/B174] | 在馆 | |
| 5 | 1307847 | 213078471 | 建筑库201/201建筑库 50排6列4层/ [索取号:TU83/B174] | 在馆 | |
| 6 | 1307848 | 213078480 | 建筑库201/201建筑库 50排6列4层/ [索取号:TU83/B174] | 在馆 |